000 00342nam a22001337a 4500
008 190225b xxu||||| |||| 00| 0 eng d
020 _a080149155
041 _aeng
080 _a821
100 _a22
101 _aGJL
245 _aStructuralist Poetics. Structuralism, Linguistics and the Study of Literature
_cCuller, J
942 _2udc
_cBK
999 _c54253
_d54253